| 000 | 01083cab a22001815a 4500 | ||
|---|---|---|---|
| 001 | L144907 | ||
| 008 | 080819s2008 xxkd f s 000 0 eng d | ||
| 035 | _a(Sirsi) u144907 | ||
| 041 | 0 | _aeng | |
| 100 | 1 | _aHeath, Vicky | |
| 245 | 0 | 0 | _aThames Valley - two sides to the story |
| 260 | _c2008 | ||
| 490 |
_aProperty Forecast _v11(6) June 2008, 7-15(2) |
||
| 520 | _aArticle looks at the commercial property market in the Thames Valley and predicts a protracted period of market instability, despite continuing occupational activity. The author states that the current downturn differs from the previous one in that there is no oversupply glut affecting the development cycle. Illustrates that the Thames Valley market is dominated by the telecoms, media and telecommunications sector, despite a broad overall occupier base. Suggests that property indexes may be providing an overly gloomy picture of rental values and that prime rents remain relatively unaffected. | ||
| 651 | 4 |
_aUnited Kingdom _y |
|
| 690 | _aPROPERTY-COMMERCIAL PROPERTY-COMMERCIAL PROPERTY MARKET | ||
| 942 | _n0 | ||
| 999 |
_c80634 _d80634 |
||